000 00496nam a2200181Ia 4500
003 GCL
008 140319s9999 xx 000 0 ara d
040 _aGCL /
_cGCL
082 0 4 _a229.3
_bم ج
100 1 _aمحمد سيد طنطاوى
245 1 0 _aجوامع الدعاء من القرآن والسنة /
_cمحمد سيد طنطاوى
300 _a199 ص
490 _aكتاب
_v0
650 0 4 _aالاسلام
650 0 4 _aالادعية
650 0 4 _aالقران
942 _2ddc
_cBK
999 _c43135
_d43135